|
|
|
|
| LEADER |
00000nam a22000007a 4500 |
| 005 |
20160927145823.0 |
| 007 |
cr|||| |||| |
| 008 |
160927s2015 sp |||||s|||| 001|0 spa d |
| 020 |
|
|
|a 978-84-9085-445-7
|
| 035 |
|
|
|a 14340
|
| 040 |
|
|
|a vLex
|
| 090 |
|
|
|c 6235
|d 6235
|
| 100 |
1 |
|
|a Izquierdo Muciǫ, Martha Elba
|
| 245 |
1 |
0 |
|a Aprendizaje cooperativo sin fronteras Espaą-Mx̌ico
|h [Recurso electrn̤ico] /
|c Martha Elba Izquierdo Muciǫ
|
| 256 |
|
|
|a Servicio en ln̕ea
|
| 260 |
|
|
|a Madrid :
|b Dykinson,
|c 2015
|
| 300 |
|
|
|a 1 recurso electrn̤ico
|
| 506 |
1 |
|
|a Disponible en los productos indicados
|d vLex Global
|d vLex Global (Academic Edition, excluding Law Schools)
|d vLex Global (Academic Edition, excluding Law Schools)
|d vLex Global (U.S. Academic Edition, Law Schools)
|d vLex Global (Academic Edition, Law Schools)
|
| 650 |
0 |
4 |
|a Cooperativas
|z Espaą
|
| 650 |
0 |
4 |
|a Derecho civil
|z Espaą
|
| 650 |
0 |
4 |
|a Derecho internacional
|z Espaą
|
| 740 |
0 |
|
|a vLex Libros (Servicio en ln̕ea)
|
| 856 |
4 |
0 |
|u http://vlex.com/source/aprendizaje-cooperativo-sin-fronteras-espa-a-mexico-14340
|z Acceso restringido
|
| 942 |
|
|
|c BOOK
|
| 999 |
0 |
|
|a Cooperative societies
|
| 999 |
0 |
|
|a Civil law
|